Bajen la música: el nuevo paisaje de la industria discográfica
Guardat en:
| Autor principal: | |
|---|---|
| Format: | Llibre |
| Idioma: | espanyol |
| Publicat: |
Santiago
Ediciones B
2014
|
| Edició: | 1a. ed |
| Matèries: | |
| Etiquetes: |
Afegir etiqueta
Sense etiquetes, Sigues el primer a etiquetar aquest registre!
|
MARC
| LEADER | 00000cam a2200000 a 4500 | ||
|---|---|---|---|
| 001 | UCC5877 | ||
| 003 | CL-VaPUC | ||
| 005 | 20241007132847.0 | ||
| 008 | 181109e20140000cl |||||||||||||||||spa|d | ||
| 999 | |c 372985 |d 372983 | ||
| 020 | |a 9789563041767 | ||
| 040 | |c Pontificia Universidad Católica de Valparaíso | ||
| 082 | 0 | 4 | |a Ch864 |b MAI |2 21 |
| 100 | |a Maira Benavente, Manuel |e autor |9 600299 | ||
| 245 | 1 | 0 | |a Bajen la música: el nuevo paisaje de la industria discográfica |
| 250 | |a 1a. ed | ||
| 260 | |a Santiago |b Ediciones B |c 2014 | ||
| 300 | |a 146 p | ||
| 583 | |a last modification |c 20181109 15:19:00 |k Rodrigo Vera | ||
| 650 | 0 | |a Ensayos chilenos |9 269132 | |
| 650 | 0 | |a Discografía |2 CL-VaPUC |9 420725 | |
| 942 | |c BK |2 ddc | ||
| 945 | |d 20181109 15:19:00 |a dcastane | ||
| 952 | |0 0 |1 0 |3 erb |4 0 |6 CH_864_000000000000000_MAI_2014 |7 0 |8 ? |9 490886 |a BIBEDU |b BIBEDU |i 5510813 |o Ch864 MAI 2014 |p 5510813 |r 2023-01-12 |w 2019-11-24 |y BK |z Catalogado en:20181109 |k MUS | ||